00650nam a2200241 a 4500001001300000003000900013005001700022008004100039020001000080082001300090100001800103245002100121260003300142300000900175500003500184505001500219650002100234700001800255902000800273942000700281952010500288999001500393nice12345678IN_TiNIC20260116012216.0050524s1923 edia grp 000 0 eng  ac10000a241bSMY aSmyth, Newman aChristian Ethics aEdinburghbT & T Clarkc1923 a497p aincludes index and biblioraphy2 aConclusion aChristian-Ethics1 aSmyth, Newman bSRS cBK 00104070aHMIbHMId2007-06-29g100.00l2o241 SMYp8316r2018-11-08s2018-11-06w2026-01-16yARB c6084d6084